000 00368nam a2200145 a 4500
008 970623s1967||||xx 0 und c
040 _aSNK
_bslo
_cSNK
_eAACR2
100 1 _aMitchellová, Margaret
245 1 0 _aOdviate vetrom 1. diel
260 _aBratislava
_bSlovenský spisovateľ
_c1967
300 _a555 s.
044 _axo
_cSK
041 _aslo
020 _c37,80
999 _c12110
_d12110